Literature (Record no. 10886)
[ view plain ]
| 000 -LEADER | |
|---|---|
| fixed length control field | 00484nam a22001817a 4500 |
| 003 - CONTROL NUMBER IDENTIFIER | |
| control field | OSt |
| 005 - DATE AND TIME OF LATEST TRANSACTION | |
| control field | 20160212154453.0 |
| 008 - FIXED-LENGTH DATA ELEMENTS--GENERAL INFORMATION | |
| fixed length control field | 160212b xxu||||| |||| 00| 0 eng d |
| 020 ## - INTERNATIONAL STANDARD BOOK NUMBER | |
| International Standard Book Number | 9780321097149 |
| 040 ## - CATALOGING SOURCE | |
| Original cataloging agency | seku |
| 050 ## - LIBRARY OF CONGRESS CALL NUMBER | |
| Classification number | PN6014 |
| Item number | .L58 2001 |
| 100 ## - MAIN ENTRY--PERSONAL NAME | |
| Personal name | Kenneddy J.X |
| 245 ## - TITLE STATEMENT | |
| Title | Literature |
| Remainder of title | An introduction to fiction, poetry, and drama |
| Statement of responsibility, etc. | X.J. Kennedy |
| 250 ## - EDITION STATEMENT | |
| Edition statement | 8th ed. |
| 260 ## - PUBLICATION, DISTRIBUTION, ETC. (IMPRINT) | |
| Place of publication, distribution, etc. | New York.; |
| Name of publisher, distributor, etc. | Longman, |
| Date of publication, distribution, etc. | 2001 |
| 300 ## - PHYSICAL DESCRIPTION | |
| Extent | iv-xiii, 2218p.; |
| Accompanying material | CD |
| 942 ## - ADDED ENTRY ELEMENTS (KOHA) | |
| Source of classification or shelving scheme | Library of Congress Classification |
| Koha item type | General circulation |
| Withdrawn status | Lost status | Source of classification or shelving scheme | Damaged status | Not for loan | Home library | Current library | Shelving location | Date acquired | Source of acquisition | Total Checkouts | Full call number | Barcode | Date last seen | Price effective from | Koha item type | Public note |
|---|---|---|---|---|---|---|---|---|---|---|---|---|---|---|---|---|
| Library of Congress Classification | Wote Campus Library | Wote Campus Library | General Stacks | 12/02/2016 | donation- books for Africa | PN6014 .L58 2001 | 2016/011335 | 12/02/2016 | 12/02/2016 | General circulation | GM |